000 00364nam a22001457a 4500
003 OSt
005 20160727222454.0
008 160705b xxu||||| |||| 00| 0 eng d
040 _cTEST
100 _92133
_a Chamberlain, R. W
245 _aBeacon Lights of Literature
260 _aN.Y
_b Iroquois
_c1934
300 _aBeacon Lights of Literature
942 _2ddc
_cBK
999 _c1827
_d1827